000 00649nam a22002417a 4500
001 BR8903142
003 BR-BrBNA
005 20230928093241.0
007 ta
008 230509b bl.||||| |||| 00| 0 por d
040 _aBR-BrBNA
_bpor
_cBiblioteca Nacional de Agricultura
041 _a(Por)
072 _aE50
090 _ E50 BR8903142
110 1 _aMinisterio do Trabalho, Brasilia, DF (Brasil)
_97158
245 1 _aNormas regulamentadoras do trabalho rural
260 3 _aBrasilia, DF (Brasil):
_c1981.
300 _a154 p.
650 _aTRABALHO
650 _aTRABALHADOR RURAL
909 _a202309
_bLucia
_c55
_dLucia Elande
942 _cBK
999 _c43879
_d43879